000 00477nam a22001817a 4500
003 UA-OsUOA
001 13089
007 ta
008 20030415b un ||||| |||| 00| 0 ukr d
100 _aТубіна С.
942 _cSA
040 _aUA-OsUOA
_cUA-OsUOA
_dUA-OsUOA
245 _aДо людей - із чуйністю
300 _aС.2
955 _a0
773 0 _w0
_tВісті Рівненщини
_dРівне
_d2003
_g№30/9 квіт./
650 7 _aЖук Л.Г.
_2UDC
999 _c299250
_d299250